Movies by Image (Halloween Edition) - Statistics

General Stats
  • This quiz has been taken 371 times
  • The average score is 6 of 12
Answer Stats
Picture Answer % Correct
Scream
81%
The Nightmare Before Christmas
73%
Halloween
72%
Hocus Pocus
70%
Monster House
67%
Harry Potter and the Sorcerers/Philosophers Stone
43%
E.T.
41%
Friday the 13th
38%
Halloween Town
37%
It's the Great Pumpkin, Charlie Brown
22%
Evil Dead
20%
Fright Night
9%
No matching quizzes found
Score Distribution
Percent of People with Each Score
Percentile by Number Answered
Your Score History
You have not taken this quiz